Informácia o štúdiu školský rok...
| Previous Title: | Študijný program |
|---|---|
| Corporate Author: | |
| Format: | Serial |
| Language: | Slovak |
| PhysicalDescription: | zv. tab. 21 cm |
| Published: |
V Trenčíne
Trenčianska univerzita Alexandra Dubčeka
[2002]-
|
| ISBN: | 8088914698 äbrož. : r. 2002/2003) 8088914949 (brož. : r. 2003/2004) 808075067X (brož. : r. 2005/2006) 8080751501 (brož. : r. 2006/2007) 9788080752231 (brož. : r. 2007/2008) |
| Subjects: |
MARC
| LEADER | 00000nas a2200000 a 4500 | ||
|---|---|---|---|
| 001 | vtls001469576 | ||
| 003 | SK-MaSNL | ||
| 005 | 20260228160922.0 | ||
| 008 | 040226cuuuu9999xo ar 0 0b0slo | ||
| 015 | |a SNBB2005/02-00538 (r. 2002/2003) | ||
| 020 | |a 8088914698 äbrož. : r. 2002/2003) | ||
| 020 | |a 8088914949 (brož. : r. 2003/2004) | ||
| 020 | |a 808075067X (brož. : r. 2005/2006) | ||
| 020 | |a 8080751501 (brož. : r. 2006/2007) | ||
| 020 | |a 9788080752231 (brož. : r. 2007/2008) | ||
| 035 | |a SNK000424881 | ||
| 040 | |a SNK |b slo |c SNK |e AACR2 | ||
| 041 | 0 | |a slo | |
| 043 | |a e-xo--- | ||
| 044 | |a xo |c SK | ||
| 072 | 7 | |a 378 |x Vysoké školy |2 konspekt | |
| 080 | |a 378.4 |x (437.6) |x (036) |2 snkbusd | ||
| 080 | |a 371.3 | ||
| 080 | |a (437.6) | ||
| 080 | |a (036) | ||
| 080 | |a 378.4 | ||
| 110 | 2 | |a Trenčianska univerzita Alexandra Dubčeka v Trenčíne |9 35704 | |
| 245 | 1 | 0 | |a Informácia o štúdiu |c Trenčianska univerzita Alexandra Dubčeka v Trenčíne |b školský rok... |
| 260 | |a V Trenčíne |b Trenčianska univerzita Alexandra Dubčeka |c [2002]- | ||
| 300 | |a zv. |b tab. |c 21 cm | ||
| 310 | |a 1x ročne | ||
| 362 | 0 | |a 2002/2003- | |
| 500 | |a Súčasťou podnázvu je označenie školského roku | ||
| 500 | |a V r. 2006/2007-2007/2008 je podnázov: Akademický rok... | ||
| 610 | 2 | 7 | |a Trenčianska univerzita Alexandra Dubčeka v Trenčíne |2 SNKPH |9 35704 |
| 650 | 0 | 7 | |a univerzity |z Slovensko |2 SNKPH |9 266343 |
| 650 | 0 | 7 | |a štúdium a výučba |z Slovensko |2 SNKPH |9 266901 |
| 651 | 7 | |a Trenčín (Slovensko) |2 SNKPH |9 159956 | |
| 655 | 7 | |a informačné publikácie |2 SNKPH |9 70181 | |
| 752 | |a Slovensko |d Trenčín | ||
| 780 | 0 | 0 | |t Študijný program |
| 910 | |a snk | ||
| 910 | |a spk | ||
| 919 | |a 80-88914-69-8 | ||
| 919 | |a 80-88914-94-9 | ||
| 919 | |a 80-8075-067-X | ||
| 919 | |a 80-8075-150-1 | ||
| 919 | |a 978-80-8075-223-1 | ||
| 999 | |c 3908 |d 5838 | ||
| 952 | |0 0 |1 0 |4 0 |7 0 |8 0 |a SNK |b SNK |d 2005-12-05 |i snk2005/20679 |l 0 |o snkČSD 2278/2005-2006 |p 17A0477677 |r 2026-02-21 19:30:20 |w 2026-02-21 |y PREZ | ||
| 952 | |0 0 |1 0 |4 0 |7 0 |8 0 |a SNK |b SNK |d 2005-12-05 |i snk2005/20680 |l 0 |o snkČSD 2278/2005-2006 D1 |p 17A0477678 |r 2026-02-21 19:30:22 |w 2026-02-21 |y PREZ | ||
| 952 | |0 0 |1 0 |4 0 |7 0 |a SNK |b SNK |d 2004-02-26 |i snkPV 11/2004 |l 0 |o snkČSD 2278/2002-2003 |p 17A0358940 |r 2005-01-02 00:00:00 |w 2026-02-21 |y PREZ | ||
| 952 | |0 0 |1 0 |4 0 |7 0 |a SNK |b SNK |d 2004-02-26 |i snkPV 12/2004 |l 0 |o snkČSD 2278/2002-2003 D1 |p 17A0358941 |r 2005-01-02 00:00:00 |w 2026-02-21 |y PREZ | ||
| 952 | |0 0 |1 0 |4 0 |7 0 |a SNK |b SNK |d 2004-09-08 |i snkPV 1183/2004 |l 0 |o snkČSD 2278/2003-2004 |p 17A0431532 |r 2005-01-02 00:00:00 |w 2026-02-21 |y PREZ | ||
| 952 | |0 0 |1 0 |4 0 |7 0 |a SNK |b SNK |d 2004-09-08 |i snkPV 1184/2004 |l 0 |o snkČSD 2278/2003-2004 D1 |p 17A0431533 |r 2005-01-02 00:00:00 |w 2026-02-21 |y PREZ | ||
| 952 | |0 0 |1 0 |4 0 |7 0 |8 0 |a SNK |b SNK |d 2007-01-16 |i snk2007/1350 |l 0 |o snkČSD 2278/2006-2007 D1 |p 17A0524738 |r 2026-02-21 20:14:09 |w 2026-02-21 |y PREZ | ||
| 952 | |0 0 |1 0 |4 0 |7 1 |8 0 |a SNK |b SNK |d 2007-01-16 |i snk2007/1349 |l 0 |o snkČSD 2278/2006-2007 |p 17A0524737 |r 2026-02-21 20:15:58 |w 2026-02-21 |y NEVYP | ||
| 952 | |0 0 |1 0 |4 0 |7 1 |8 0 |a SNK |b SNK |d 2007-11-12 |i snk2007/24409 |l 0 |o snkČSD 2278/2007-2008 |p 17A0563209 |r 2026-02-21 20:21:17 |w 2026-02-21 |y NEVYP | ||
| 952 | |0 0 |1 0 |4 0 |7 0 |8 0 |a SNK |b SNK |d 2007-11-12 |i snk2007/24410 |l 0 |o snkČSD 2278/2007-2008 D1 |p 17A0563210 |r 2026-02-21 20:21:17 |w 2026-02-21 |y PREZ | ||


